| 000 | 01005nam a2200253 a 4500 | ||
|---|---|---|---|
| 001 | 47358 | ||
| 003 | BD-RjUL | ||
| 005 | 20211209054312.0 | ||
| 008 | 160808s1997 bg ||||| |||| 00| 0 ben d | ||
| 020 |
_a9844013747 _c: Tk. 100.00 |
||
| 020 | _a9844013224 | ||
| 035 | _a(BD-RjUL)47477 | ||
| 040 |
_aBD-RjUL _beng _cBD-RjUL |
||
| 041 | _aeng | ||
| 082 |
_a320.95414 _bSAM 1997 |
||
| 100 |
_aসাঈদ, আবু আল _9137784 |
||
| 245 | 1 | 0 |
_aমুসলিম শাসনকাল ধর্মনিরপেক্ষতা ও বঙ্গবন্ধু [১২০৬-১৯৭৫] / _cআবু আল সাঈদ |
| 260 |
_aঢাকা : _bআগামী প্রকাশনী, _c১৯৯৭ [মুদ্রণ ২০০১] |
||
| 300 |
_a১৫৯ পৃ. ; _c২২ সেমি. |
||
| 650 |
_aMuslims _xPolitical activity _z India _z Bengal. _9233378 |
||
| 650 |
_aPolitics and government _9144102 |
||
| 650 |
_aরাজনীতি ও সরকার _9233379 |
||
| 942 |
_2ddc _cBK |
||
| 999 |
_c47358 _d47358 |
||